000 00695nam a22002057a 4500
005 20170821142935.0
010 _aENG-119941
020 _a9788126463794
_c450.00
035 _aEN-103473
037 _bDBAD/PUB
082 _a954
100 _aArjun .R. Shankar
245 _aFrom cattles to battles till the break of colonial shackles :
_cby Arjun .R. Shankar [and] Shiju Alokan ; edited by P. Vinod Kumar
_bthe history of India /
260 _a[S.I]
_biRank an imprint of Dc Books
_c201?
300 _a799p.
_c21cm(pbk)
500 _aIncludes bibliographical references and index
700 _aShiju Alokan
700 _aVinod Kumar, P.
942 _2ddc
_cEN
_h954
_mARJ
999 _c143607
_d143607